Wynncraft Map Quiz - Statistics

General Stats
  • This quiz has been taken 641 times
    452 since last reset
  • The average score is 56 of 120
Answers on the Map
Answers color-coded by a green-red scale on the quiz's map according to % correct below.
 
Answer Stats
Answer % Correct
Detlas
93%
Ragni
93%
Almuj
84%
Corkus City
80%
Nemract
78%
Troms
78%
Nesaak
75%
Llevigar
74%
Olux
74%
Cinfras
73%
Legendary Island
71%
Rymek
70%
Selchar
70%
Lutho
69%
Nivla Woods
67%
Mt. Wynn
66%
Dernel Jungle
61%
Light Forest
61%
Maltic
60%
Roots of Corruption
60%
Mage Island
60%
Rodoroc
60%
Thanos
60%
Tower of Ascension
60%
Qira Hive
59%
Ahmsord
58%
Maro Peaks
58%
Sand-Swept Tomb
58%
Dead Island
57%
House of Twain
57%
Decrepit Sewers
56%
The Eldritch Outlook
56%
Time Valley
56%
Volcanic Isles
56%
Fallen Factory
54%
Galleon's Graveyard
54%
The Great Bridge
54%
Ancient Nemract
53%
Emerald Trail
53%
Pirate Town
53%
Dark Forest
52%
Zhight Island
52%
Canyon of the Lost
51%
Half Moon Island
51%
The Bear Zoo
51%
Infested Pit
50%
Lake Gylia
49%
Mummy's Tomb
49%
Temple of Legends
49%
Ternaves
49%
Timelost Sanctum
49%
Bremminglar
48%
Tempo Town
47%
Gelibord
47%
Skiens Island
47%
Aldorei
46%
Avos Territory
46%
Nest of the Grootslangs
46%
Elkurn
46%
Lusuco
46%
Maex
46%
Molten Heights
46%
Jofash Docks
45%
Rooster Island
45%
The Canyon Colossus
45%
Sky Islands
44%
The Forgery
44%
Thesead
44%
Undergrowth Ruins
44%
Abandoned Mines
43%
Eltom
43%
Kandon-Beda
43%
Detlas Suburb
42%
Black Road
42%
Ice Barrows
42%
Durum Isles
41%
Guild Hall
41%
Bucie
40%
Underworld Crypt
40%
Ruined Olmic City
40%
Swamp
40%
Invaded Barracks
39%
Pigmen's Ravines
39%
Iboju Village
39%
Lexdale
39%
The Nameless Anomaly
39%
Nodguj Nation
38%
Relos
38%
Caritat Mansion
37%
Ghost Ship
36%
Saint's Row
36%
Toxic Wastes
36%
Gert Camp
35%
Corrupted Village
34%
Katoa Ranch
34%
Efilim
33%
Karoc Quarry
33%
Dullahan Castle
32%
Letvus Airbase
32%
Ozoth's Spire
32%
Pirate Bay
32%
Seavale Reef
31%
Orphion's Nexus of Light
30%
The Tower of Amnesia
29%
Ice Islands
29%
Kander Forest
29%
Dujgon Nation
27%
Bantisu Air Temple
26%
Path to Darkness
26%
Void Valley
26%
Underground Squid Village
25%
Door of Time
23%
Light's Secret
23%
Fallen Meteor
22%
Coastal Trail
21%
Pre-Light Forest
19%
The Maiden Tower
19%
Underwater Route
16%
Devastated Swamp
12%
Overtaken Outpost
12%
No matching quizzes found
Score Distribution
Percent of People with Each Score
Percentile by Number Answered
Your Score History
You have not taken this quiz since the last reset